000
00311nam a22001337a 4500
008
170215b xxu||||| |||| 00| 0 eng d
020
_a
9780071635158
041
_a
eng
080
_2
13TH
_a
61
100
_a
4
101
_a
SHM
245
_a
CURRENT DIAGNOSIS & TREATMENT SURGERY
_c
DOHERTY, G.M
942
_2
udc
_c
BK
999
_c
5609
_d
5609